1565 1018 1483 1101 1200 1152 1777 1276 1852 1073 1271 1945 1610 1761 1428 1262 1170 1055 1382 1465 1672 1215 1718 1904 1803 1213 1855 1252 1599 1464 1613 1020 1006 1437 1233 1972 1520 1354 1680 1809 1234 1556 1180 1555 1822 1807 1746 1217 1903 1141 1557 1042 1300 1316 1655 1462 1146 1979 1826 1105 1552 1080 1739 1049 1954 1779 1304 1588 1218 1584 1028 1762 1063 1502 1272 1536 1521 1121 1915 1902 1361 1379 1501 1269 1872 1592 1900 1076 1093 1852 1187 1190 1003 1968 1482 1788 1550 1509 1134 BCNSPRNW ULIB Ver.6.0+V

เปลี่ยนเป็นภาษาไทย

Change to English
 แสดงรายละเอียดบรรณานุกรม
  กลับหน้าหลัก

Brief Record : Get Marc (ISO 2709) : E-mail record : QR code < ปิดหน้าต่าง
LEADER : 00000nam 2200000uu 4500
001    13399121297
003     ULIB
008    121114s2549||||th 000 0 tha d
020    ^a9749106474
050 04 ^aPE1130^bป330H
100 0  ^aประเพศ ไกรจันทร์
245 10 ^aพูดอังกฤษในชีวิตประจำวัน =^bHow to speak English book2 /^cประเพศ ไกรจันทร์
246 31 ^aHow speak English book2
250    ^aพิมพ์ครั้งที่ 3ฉบับปรับปรุงใหม่
260    ^aกรุงเทพฯ :^bพี. เอส. เพรส,^c2549
300    ^avii, 296 หน้า ;^c21 ซม.
650  7 ^aภาษาอังกฤษ^xบทสนทนาและวลี.
650  7 ^aภาษาอังกฤษ^xสัทศาสตร์.
650  7 ^aภาษาอังกฤษ^xการใช้ภาษา.
650  7 ^aภาษาอังกฤษ^xตำราสำหรับชนต่างชาติ.
850    ^aVRU
945    ^p190^l0^i24691
995    ^aวิภา
999    ^aวิภา
รายการนี้ยังไม่มีแท็ก
คุณยังไม่ได้ล็อกอิน คุณสามารถมีกิจกรรมร่วมกับเว็บไซต์ได้ แต่ต้องล็อกอินก่อน ::
  ล็อกอิน

รายการสื่อสารสนเทศ

ลำดับที่ ประเภท เลขเรียก/บาร์โค้ด สถานที่ สถานะ
1. วิทยาศาสตร์การแพทย์ และสุขภาพ
วิทยาศาสตร์การแพทย์ และสุขภาพ
PE1130 ป330H  
  Barcode: 24691
ห้องสมุดวิทยาเขตสวรรค์ประชารักษ์
►หนังสือทั่วไป
บนชั้น

รายการใกล้เคียง
    ผู้แต่ง [ประเพศ ไกรจันทร์]

BibComment


ยังไม่เคยถูกคอมเมนท์

คอมเมนท์ทรัพยากรรายการนี้
  คอมเมนท์: พูดอังกฤษในชีวิต..


 Copyright 2026. Bcnsprnw @Library